Estatísticas para Chipre

Clique aqui para jogar o quiz

Estatísticas Gerais

  • Esse quiz foi jogado 12 vezes
  • A pontuação média é 7 de 15

Estatísticas das Respostas

HintResposta% Correto
Qual é a sua capital?Nicósia
100%
Como se chama a sua moeda?Euro
90%
Onde fica?Europa
90%
Quantos idiomas tem?2
80%
Qual é a sua religião?Cristianismo
60%
Quem vive no Norte do país?Turcos
60%
Qual é o clima do país?Mediterrâneo
50%
Quem vive no Sul do país?Gregos
40%
O que está representado na bandeira?Mapa
40%
De que país é independente?Reino Unido
40%
Como são chamados os habitantes do país?Cipriotas
30%
Qual é o seu código ISO?CY
20%
Qual é o principal destino turístico do país?Agia Napa
0%
Qual é o prato típico do país?Dürüm
0%
Qual é o queijo tradicional do país?Halloumi
0%

Distribuição das Pontuações

Percentil de Números Respondidos

Porcentagem de Pessoas com Cada Pontuação

Sua Pontuação Histórica

Você não jogou esse quiz